City as landscape A post- modern view of design and planing
Saved in:
| Main Author: | |
|---|---|
| Format: | Book |
| Language: | English |
| Published: |
Book Shores
2019
|
| Tags: |
Add Tag
No Tags, Be the first to tag this record!
|
MARC
| LEADER | 00000nam a22000007a 4500 | ||
|---|---|---|---|
| 008 | 210913b ||||| |||| 00| 0 eng d | ||
| 020 | |a 9789386807199 | ||
| 100 | |a SINGH, Chandra Dip. | ||
| 245 | |a City as landscape |b A post- modern view of design and planing |c Chandra Dip Singh |g vi,288p: ill. | ||
| 260 | |b Book Shores |c 2019 |d Book |h New Delhi |i 696956 |i 696957 |l GF 125.S6 |m Urban geography. |m Urbanization. | ||
| 500 | |a " It includes bibliography and index". | ||
| 942 | |a lcc |c BK |e Olagoke, M.A. |f 13/09/2021. | ||
| 952 | |0 0 |1 0 |2 lcc |4 0 |7 0 |9 3543 |a HOL |b SSL |c GJ |d 2021-09-13 |o GF 125.S6 |p 2021-67271 |r 2021-09-13 00:00:00 |t 696956 |w 2021-09-13 |y BK | ||
| 952 | |0 0 |1 0 |2 lcc |4 0 |7 0 |9 3544 |a HOL |b HOL |c GJ |d 2021-09-13 |o GF 125.S6 |p 2021-67272 |r 2021-09-13 00:00:00 |t 696957 |w 2021-09-13 |y BK | ||
| 999 | |c 1755 |d 1755 | ||